Obesenci (z cyklu: "Zbojníci")

Bibliographic Details
Main Author: Jiránek, Miloš, 1875-1911 (Author)
Format: Article
Language:Slovak
Subjects:

MARC

LEADER 00000nab a22000001a 4500
001 vtls009003735
003 SK-MaSNL
005 20260303065606.0
008 070628d193504 xo |r|p|||| |000 b|slo
015 |a SNBRRBVU1918-1938 
038 |a SNKBUCL 
038 |a SNKBUVU 
040 |a SNKBUVU  |b slo  |c SNKBUCL  |e AACR2 
041 0 |a slo 
044 |a xo  |c SK 
080 |a 75.051:75.021.32  |2 1997 
080 |a 75.021.32  |2 1997 
100 1 |a Jiránek, Miloš,  |d 1875-1911  |4 aut  |9 103348 
245 1 0 |a Obesenci  |b (z cyklu: "Zbojníci")  |c Miloš Jiránek 
650 0 7 |a české maliarstvo  |2 MM  |9 3112 
650 0 7 |a maľby  |2 MM  |9 313520 
655 7 |a reprodukcie výtvarných diel  |2 MM  |9 310790 
773 0 |t Elán  |g Roč. 5, č. 8 (1935), s. 4 
852 |a SNK  |b KIS3GCP 
910 |a snkrbvumm 
958 |a VY 
958 |a CZ 
999 |c 1751840  |d 1753770